Transferové oceňovanie pri transfere duševného vlastníctva

5 kľúčových skupín duševného vlastníctva. Kanály na uskutočnenie transferu duševného vlastníctva. Transferové oceňovanie - podstata a dôvody. Vzor typickej transakcie transferového oceňovania. Princíp nezávislých trhových cien a porovnateľnosť. Metódy pre stanovenie transferových cien duševného vlas...

Descrizione completa

Salvato in:
Dettagli Bibliografici
Autore principale: Kardoš, Peter
Altri autori: Jakubec, Miroslav
Natura: Capitolo di libro
Lingua:slovacco
Soggetti:
Tags: Aggiungi Tag
Nessun Tag, puoi essere il primo ad aggiungerne!!

MARC

LEADER 00000nla a2200000 4500
001 0227188
005 20240527082407.4
041 0 |a slo 
044 |a CZ 
245 1 0 |a Transferové oceňovanie pri transfere duševného vlastníctva  |c Peter Kardoš, Miroslav Jakubec 
520 |a 5 kľúčových skupín duševného vlastníctva. Kanály na uskutočnenie transferu duševného vlastníctva. Transferové oceňovanie - podstata a dôvody. Vzor typickej transakcie transferového oceňovania. Princíp nezávislých trhových cien a porovnateľnosť. Metódy pre stanovenie transferových cien duševného vlastníctva. 
610 2 0 |a aktíva nehmotné 
610 2 0 |a vlastníctvo duševné 
610 2 0 |a oceňovanie transferové 
610 2 0 |a metódy 
610 2 0 |a ceny transferové 
100 1 |a Kardoš, Peter 
700 1 |a Jakubec, Miroslav